00754nam a22001577a 4500003000900000005001700009008004100026040001300067100006100080245005100141250000600192260003900198300001700237490002600254520031600280IT-RoPau20220918175937.0130112b xxu||||| |||| 00| 0 eng d cIT-RoPau aAlberione Santiago [Giacomo]qFondatore Famiglia Paolina aMensajes a los comunicadores de America Latina aI aBogotábEdiciones Paulinasc1977 a96 p.c17 cm aEdiciones PaulinasvI a INDICE Presentación Un amigo de los comunicadores Mensaje a los comunicadores Una familia para comunicar Alguien ha orado por ustedes La Iglesia universal ha pensado un ustedes La Iglesia latinoamericana ha pensado en ustedes Centros Paulinos Latinoamericanos